000 00559cam a22002051 4500
001 af 48000263
003 DLC
005 20260227110842.0
008 780905s1946 gw 000 1 ger c
010 _aaf 48000263
035 _a(OCoLC)4196669
040 _aIllinois. Univ. Library
_cTNJ
_dDLC
042 _apremarc
050 0 0 _aPT2621.R526
_bN8
082 _a831.91
100 1 _aKreker, Erwin,
_d1907-
245 1 0 _aNur wer in Flammen steht,
_bSonette.
_c[Von] Georg Schneider [pseud.]
260 _a[Coburg]
_bWinkler
_c[1946]
300 _a74 p.
_c22 cm.
999 _c3990
_d3990